000 02022cam a2200457Ii 4500
001 ocn870564434
003 OCoLC
005 20200320193222.0
008 140214t20142014nyua j 000 1 eng d
020 _a9781481419895
020 _a1481419897
020 _c12.49
035 _a(OCoLC)870564434
040 _aYDXCP
_beng
_erda
_cYDXCP
_dOCP
_dMUS
_dOCLCO
_dOCLCQ
_dWACOL
049 _aWACL
050 4 _aPZ7.S53427
_bJo 2014
082 0 4 _a[E]
_223
092 _aE
_bSea
100 1 _aShaw, Natalie,
_eadapter.
_95706259
245 1 0 _aJourney to dragon mountain /
_cadapted by Natalie Shaw ; based on the screenplay written by Marc Seal.
246 1 _iAt head of the title:
_aMike the Knight
264 1 _aNew York :
_bSimon Spotlight,
_c[2014]
264 4 _c©2014
300 _a24 unnumbered pages :
_bcolor illustrations ;
_c21 cm
336 _atext
337 _aunmediated
338 _avolume
500 _a"As seen on Nick Jr."--Back cover.
520 _aMike and Evie are thrilled when their dad returns to Glendragon with tales of an exciting adventure. The King tells them Vikings have stolen a crystal that belongs on Dragon Mountain and he must find it and return it before the giant dragon who lives there realizes it is missing. Mike and Evie decide to surprise their dad and find the crystal on their own. But are they too young for such a danderous mission?
521 _aChildrens
_b, Penworthy
650 0 _aKnights and knighthood
_vJuvenile fiction.
_95683657
650 0 _aDragons
_vJuvenile fiction.
_95673921
700 1 _aSeal, Marc,
_escreenwriter.
_95894251
710 2 _aHit Entertainment.
_966216
730 0 _iAdaptation of (work) :
_aMike the Knight (Television program)
_95885587
938 _aYBP Library Services
_bYANK
_n11650672
942 _cBOOK
_08
948 _a01/05/2015
_zSirsi
994 _a02
_bWACOL
996 _a114757
_b34301001399171
_cE
_dbk
_ewcl
_fi
_g8
_h12.49
_lPenworthy
_mSha
_p01/08/2015
_q08/13/2019
_r08/01/2019
999 _c285455
_d285455